| 000 | 02587nam1a22003611 4500 | ||
|---|---|---|---|
| 001 | v19\rc\1828894 | ||
| 005 | 20080326140704.8 | ||
| 035 | _a(NLR Aleph) 005254054 | ||
| 090 |
_a5833464 _c5833464 |
||
| 100 | _a20071224d1908 |||y0rusy50 ca | ||
| 101 | 0 | _arus | |
| 102 | _aRU | ||
| 105 | _ay z ||||| | ||
| 200 | 1 |
_aЧтения к картинам по сельскому хозяйству, изданным Пермским губернским земством... _fСост. губ. агр. Перм. земства В.Н. Варгин |
|
| 205 | _a2-е изд. Серия 1-3 | ||
| 210 |
_aПермь _cэлектро-печ. Губ. земства _d1908 |
||
| 215 |
_a3 т. _d26 |
||
| 300 | _aСер. 2-3 изд. под загл.: "Чтение к таблицам рисунков по сельскому хозяйству..."; сер. 4 под загл.: "Чтение к картинам по сельскому хозяйству, изданным Пермским губернским земством" | ||
| 300 | _aВ изд. "Гросман и Кнебель" серия вышла под загл.: "Чтение к картинам Пермского губернского земства по сельскому хозяйству" | ||
| 300 | _aВ 1-м изд. сер. 2 вышла под загл.: "Объяснения к таблицам рисунков по сельскому хозяйству, изданным Пермским губернским земством" | ||
| 309 | _aБез тит. л. | ||
| 451 | 0 |
_12001#$aОбъяснения к таблицам рисунков по сельскому хозяйству, изданным Пермским губернским земством _1205##$a1-е изд. Сер. 2 |
|
| 517 | 0 | _aЧтение к таблицам рисунков по сельскому хозяйству, изданным Пермским губернским земством | |
| 517 | 0 | _aЧтение к картинам по сельскому хозяйству, изданным Пермским губернским земством | |
| 517 | 0 | _aЧтение к картинам Пермского губернского земства по сельскому хозяйству | |
| 700 | 1 |
_aВаргин _bВ. Н. _f1866-1935 _gВладимир Николаевич _4220 |
|
| 801 | 0 |
_aRU _bNLR _c20071224 _gpsbo |
|
| 801 | 0 |
_aRU _bRuMoRGB _c20071224 _2psbo |
|
| 801 | 1 |
_aRU _bProSoft-M _c20071224 _2rusmarc |
|
| 801 | 2 |
_aRU _bNLR _c20080326 _2rusmarc |
|
| 852 |
_aNLR _bЗем _j29/68 |
||
| 942 | _cBOOK | ||
| 980 | _aNB | ||